The magic of a name
Salvato in:
| Autore principale: | |
|---|---|
| Natura: | Libro |
| Lingua: | Undetermined |
| Pubblicazione: |
London
G. T. Foulis
1961
|
| Soggetti: | |
| Tags: |
Aggiungi Tag
Nessun Tag, puoi essere il primo ad aggiungerne! !
|
| Thư viện lưu trữ: | Trung tâm Học liệu Trường Đại học Cần Thơ |
|---|
| LEADER | 00478nam a2200181Ia 4500 | ||
|---|---|---|---|
| 001 | CTU_84402 | ||
| 008 | 210402s9999 xx 000 0 und d | ||
| 082 | |a 338.7 | ||
| 082 | |b N756 | ||
| 100 | |a Nockolds, Harold | ||
| 245 | 4 | |a The magic of a name | |
| 245 | 0 | |c Harold Nockolds | |
| 260 | |a London | ||
| 260 | |b G. T. Foulis | ||
| 260 | |c 1961 | ||
| 650 | |a Automobile industry and trade | ||
| 904 | |i QHieu(sửa) | ||
| 980 | |a Trung tâm Học liệu Trường Đại học Cần Thơ | ||